=LDR 00000nam 2200000 4500 =001 INLIS000000000034958 =005 20130612140841 =008 ***********************************ind** =035 ##$$0010-061300000034958 =041 ##$$a ind =082 ##$$a 372.3 =090 ##$$a 372.3, Gou s =100 ##$$a Goulding, Sylvia =245 ##$$a Gigiku sehat dan terawat/oleh Sylvia Goulding =260 ##$$a 2008 $b Bandung =300 ##$$a 32 hlm., Ilus., 21 cm =650 ##$$a Pendidikan Dasar - Sains =850 ##$$a NBPNMAT